| 000 | 03013nab a2200241 i 4500 | ||
|---|---|---|---|
| 003 | BR-BrBNA | ||
| 005 | 20251003102422.0 | ||
| 008 | 251003b2022 bl.ar|pooa||| 00| 0 eng | | ||
| 040 |
_aBR-BrBNA _beng |
||
| 072 | _aF70 | ||
| 100 | _aMatos, Fernando B. | ||
| 100 | _aSchwartsburd, Pedro B. | ||
| 245 | _aFerns of Viçosa, Minas Gerais, Brazil: Didymochlaenaceae and Dryopteridaceae | ||
| 500 | _aPublicação on-line; Bibliography p. 21-23 (86 ref.); 6 illus.; Summaries (En, Pt) | ||
| 520 | _a Abstract We present a taxonomic treatment for the species of Didymochlaenaceae and Dryopteridaceae occurring in the region of Viçosa, Minas Gerais, Brazil. This study was based on 50 herbarium gatherings from IAN, K, NY, PACA, RB, SP, UPCB, US, and VIC. Didymochlaenaceae is represented by a single species, Didymochlaena truncatula, whereas Dryopteridaceae has 11 infrageneric taxa in seven genera: Ctenitis (four taxa, including two varieties), Megalastrum (two species), Mickelia, Parapolystichum, Polybotrya, Rumohra, and Stigmatopteris (one species each). Among the 12 infrageneric taxa here recognized, seven are endemic to the Brazilian Atlantic Forest. Ctenitis distans var. isabellina, Megalastrum connexum, and Polybotrya speciosa are here reported for the first time in Viçosa. Identification keys, descriptions, illustrations, geographical distribution, and comments are presented to all taxa. Key words: bolbitidoids, lastreopsids, polybotryoids, pteridophytes, taxonomy. Resumo Apresentamos o tratamento taxonômico para as espécies de Didymochlaenaceae e Dryopteridaceae ocorrentes na região de Viçosa, Minas Gerais, Brasil. Este estudo foi baseado na análise de 50 coletas dos herbários IAN, K, NY, PACA, RB, SP, UPCB, US e VIC. Didymochlaenaceae está representada por uma única espécie, Didymochlaena truncatula, enquanto Dryopteridaceae apresenta 11 táxons infragenéricos em sete gêneros: Ctenitis (quatro táxons, incluindo duas variedades), Megalastrum (duas espécies), Mickelia, Parapolystichum, Polybotrya, Rumohra e Stigmatopteris (uma espécie cada). Dentre os 12 táxons infragenéricos aqui reconhecidos, sete são endêmicos da Floresta Atlântica brasileira. Ctenitis distans var. isabellina, Megalastrum connexum e Polybotrya speciosa são aqui mencionados pela primeira vez em Viçosa. Chaves de identificação, descrições, ilustrações, distribuição geográfica e comentários são apresentados para todos os táxons. Palavras-chave: bolbitidóides, lastreopsidas, polibotrióides, pteridófitas, taxonomia. | ||
| 650 | _aPTERIDÓFITA | ||
| 650 | _aTAXONOMIA | ||
| 650 | _aSAMAMBAIA | ||
| 773 | 0 |
_0709 _9357916 _dRio de Janeiro-RJ Jardim Botanico do Rio de Janeiro 1935 _o2025-5881 _tRodriguésia (Brazil) _x0370-6583; 2175-7860 on-line _gv. 73 p. 1-23; (2022) _wBR2025002661 |
|
| 856 | _uhttps://www.scielo.br/j/rod/a/MkmHVkNXk4tkq4sb4Q4ZSPv/?format=pdf&lang=en | ||
| 942 | _cANA | ||
| 999 |
_c338551 _d338551 |
||